QUANTITATIVE METHODS FOR BUSINESS DECISIONS (Record no. 209811)

MARC details
000 -LEADER
fixed length control field 00492nam a22001577a 4500
008 - FIXED-LENGTH DATA ELEMENTS--GENERAL INFORMATION
fixed length control field 240411b |||||||| |||| 00| 0 eng d
020 ## - INTERNATIONAL STANDARD BOOK NUMBER
International Standard Book Number 978-0-558-51641-3
050 ## - LIBRARY OF CONGRESS CALL NUMBER
Classification number HD 30.23 .Q36 2009
245 ## - TITLE STATEMENT
Title QUANTITATIVE METHODS FOR BUSINESS DECISIONS
250 ## - EDITION STATEMENT
Edition statement 2ND.ED.
260 ## - PUBLICATION, DISTRIBUTION, ETC.
Place of publication, distribution, etc. NEW YORK
Name of publisher, distributor, etc. LEARNING SOLUTIONS
Date of publication, distribution, etc. 2009
300 ## - PHYSICAL DESCRIPTION
Extent XIV,917P.
500 ## - GENERAL NOTE
General note INCLUDES INDEX
650 ## - SUBJECT ADDED ENTRY
Topical term or geographic name entry element Decision making--Mathematical models. Operations research. Statistical decision.
942 ## - ADDED ENTRY ELEMENTS (KOHA)
Source of classification or shelving scheme Library of Congress Classification
Koha item type Long Loan Book
Holdings
Withdrawn status Lost status Source of classification or shelving scheme Damaged status Not for loan Collection Home library Current library Shelving location Date acquired Inventory number Total checkouts Full call number Barcode Date last seen Date last checked out Copy number Price effective from Koha item type
    Library of Congress Classification     Business & Economics Kisii University Library Kisii University Library On Display 04/11/2024 89093 1 HD 30.23 .Q36 2009 000000005980 12/09/2025 11/26/2025 C.1 04/11/2024 Long Loan Book